000 00826nam a2200217 i 4500
005 20160527150913.0
008 140307b2001 -CN||||| |||| 00| 0 spa d
040 _aCO-BoIAVH
_cCO-BoIAVH
041 _aeng
044 _acn
082 0 4 _a577.1076
_bC76g2
110 2 _bConvention on Biological Diversity.
245 1 0 _aGlobal biodiversity outlook /
_cConvention on Biological Diversity.
260 _aMontreal :
_bUNEP :
_bConvention on Biological Diversity,
_c2001.
300 _a282 páginas :
_bilustraciones y mapas ;
_c17 cm. +
_e1 folleto.
650 1 4 _aDiversidad biológica
650 2 4 _aConservación de la diversidad biológica
710 _aSecretariat of the Convention on Biological Diversity.
710 _aUNEP World Conservation Monitoring Centre.
942 _cLIBRO
_2ddc
999 _c2831
_d2831